000 00379nam a2200109Ia 4500
008 171211s9999 xx 000 0 und d
245 4 _aThe Bowery Boys: Adventures in Old New York: An Unconventional Exploration of Manhattan's Historic Neighborhoods
245 _cGreg Young
260 _c2016
650 _xArchitecture
856 _uhttp://down.ebook777.com/064/9781612435572.pdf
999 _c350024
_d350024